Central Library OPAC University of Rajshahi

Applied physical chemistry problems for chemists and chemical engineers / (Record no. 84116)

MARC details
000 -LEADER
fixed length control field 00849nam a2200253 4500
001 - CONTROL NUMBER
control field 84116
003 - CONTROL NUMBER IDENTIFIER
rucl marc code BD-RjUL
005 - DATE AND TIME OF LATEST TRANSACTION
control field 20241017113459.0
008 - FIXED-LENGTH DATA ELEMENTS--GENERAL INFORMATION
fixed length control field 241017s1968 enka b 001 0 eng
035 ## - SYSTEM CONTROL NUMBER
System control number (BD-RjUL)84116
040 ## - CATALOGING SOURCE
Original cataloging agency DLC
Transcribing agency DLC
Modifying agency DLC
-- BD-RjUL
Language of cataloging eng
041 ## - LANGUAGE CODE
Language code of text/sound track or separate title eng
082 00 - DEWEY DECIMAL CLASSIFICATION NUMBER
Classification number 660.29076
Author mark and year SMA 1968
100 1# - MAIN ENTRY--PERSONAL NAME
Personal name Smith, Archibald Campbell Kennedy.
9 (RLIN) 13815
245 10 - TITLE STATEMENT
Title Applied physical chemistry problems for chemists and chemical engineers /
Statement of responsibility, etc. [by] A. C. K. Smith.
260 ## - PUBLICATION, DISTRIBUTION, ETC. (IMPRINT)
Place of publication, distribution, etc. London;
-- New York :
Name of publisher, distributor, etc. McGraw-Hill,
Date of publication, distribution, etc. 1968
300 ## - PHYSICAL DESCRIPTION
Pagination x, 239 p.:
Illustrations illus.;
Size 22 cm.
350 ## - PRICE (NR) (BK AM CF MU VM SE) [OBSOLETE]
Price 32/-
500 ## - GENERAL NOTE
General note With answers.
504 ## - BIBLIOGRAPHY, ETC. NOTE
Bibliography, etc Includes bibliographies.
650 #0 - SUBJECT ADDED ENTRY--TOPICAL TERM
Topical term or geographic name as entry element Chemical engineering
General subdivision Problems, exercises, etc.
9 (RLIN) 13816
Topical term or geographic name as entry element Chemistry, Physical and theoretical
General subdivision Problems, exercises, etc.
9 (RLIN) 13817
942 ## - ADDED ENTRY ELEMENTS (KOHA)
Source of classification or shelving scheme Dewey Decimal Classification
Koha item type Books
Holdings
Lost status Source of classification or shelving scheme Damaged status Not for loan Collection code Permanent Location Current Location Shelving location Date acquired Source of acquisition Total Checkouts Full call number Date last seen Copy number Koha item type
  Dewey Decimal Classification   Not For Loan Non-fiction Central Library, University of Rajshahi Central Library, University of Rajshahi Reading Room 02/10/2024 Registrar, R.U.   660.29076 SMA 1968 17/10/2024 C-1 Books